Программы, расписания занятий и ведомость об успехах воспитанников Санкт-Петербургского училища правоведения

Доступно только в Электронных читальных залах Найти на картеНа карте
RUSMARC
00003623nmc2a22002411x 450
0017e70cb4f-7b50-4807-a7f7-bab0608e5824
00520131123115551.0
100##$a20130717l19111916k y0rusy50 ca
1010#$arus
102##$aRU
105##$aa z |||||
2001#$aПрограммы, расписания занятий и ведомость об успехах воспитанников Санкт-Петербургского училища правоведения
$j1911-1916
215##$a145 листов
$cтабл.
251##$cДело
300##$aЧасть текста рукописная, часть - машинописная
330##$aГ. Педагогическая деятельность Б. В. Никольского
461#0$10011c5950b4-9b17-43ad-92f1-e565a07ae223
$12001
$aНикольский Борис Владимирович, историк права, профессор Юрьевского и Петербургского университетов, один из руководителей главного совета "Русского собрания", поэт, критик
$1251
$cФонд
$1852
$j588
462#0$1001855f2cb0-80f8-42f6-88fa-41bf4837b2b7
$12001
$aНикольский Борис Владимирович. 1837-1919 гг.
$1251
$cОпись
$1852
$j1
600#1$aНикольский
$bБ. В.
$gБорис Владимирович
60102$3RU\NLR\AUTH\889945605
$aИмператорское училище правоведения
$cСанкт-Петербург
801#0$aRU
$bGA_RF
801#1$aRU
$bНПО Опыт
$c20130717
$2rusmarc
801#2$aRU
$bПБ им. Б.Н. Ельцина
$c20131123
$gRCR
$2rusmarc
852##$aГА РФ
$j1376
937##$d41994075
$hПБ
035##$aRuPRLIB51009364
Формат отображения